Statistics for Pacific Northwest Satellite Images

Click here to take the quiz!

General Stats

  • This quiz has been taken 48 times
  • The average score is 10 of 13

Answer Stats

Answer% Correct
Seattle
100%
Portland
98%
Salem
98%
Boise
93%
Olympia
93%
Columbia
80%
Crater Lake
78%
St. Helens
73%
Olympic
71%
Snake
71%
Willamette
63%
Hells Canyon
34%
Craters of the Moon
22%

Score Distribution

Percentile by Number Answered

Percent of People with Each Score

Your Score History

You have not taken this quiz